Word Trios by Language Origin Quiz Stats

 Plays Quiz Updated Dec 2, 2012

Challenge
Share
Tweet
Embed
Score 0/30 Timer 06:00
0 Plays Today
% Correct
German
86%
Japanese
84%
Italian
79.2%
Hawaiian
78.6%
French
76.2%
Korean
71.1%
Cantonese
65.7%
Yiddish
63.1%
Swedish
61.3%
Hungarian
60%
Latin
56.8%
Swahili
54.8%
Afrikaans
54.1%
Russian
54%
Greek
53.3%
% Correct
Algonquian (Powhatan)
52.7%
Welsh
52.3%
Nahuatl (Aztec)
42.6%
Czech
42.4%
Irish
41.8%
Spanish
36.2%
Hebrew
35.6%
Tagalog
35.3%
Quechua
31.4%
Arabic
30.2%
Portuguese
27.8%
Sanskrit
26.8%
Hindi
26.5%
Indonesian
24.3%
Tamil
13.6%

You're not logged in!

Compare scores with friends on all Sporcle quizzes.
Join for Free
OR
Log In

You Might Also Like...

Show Comments

Extras

Top Quizzes Today


Score Distribution

Your Account Isn't Verified!

In order to create a playlist on Sporcle, you need to verify the email address you used during registration. Go to your Sporcle Settings to finish the process.

Report this User

Report this user for behavior that violates our Community Guidelines.

Details: